000
00331nam a2200133Ia 4500
008
240624s9999 xx 000 0 und d
041
_a
eng
082
_a
330.9 DUC
100
_a
DRUCKER PETER F
245
_a
NEW REALITIES
260
_c
2003
_a
Oxford
_b
Butterworth Heinemann
300
_a
ix, : 262 : p. : cm. ; 22
365
_c
RS
_b
35
999
_c
7918
_d
7918